Normal view MARC view
  • British

Entry Topical Term

Number of records used in: 1

001 - CONTROL NUMBER

  • control field: 22579

003 - CONTROL NUMBER IDENTIFIER

  • control field: NUST

005 - DATE AND TIME OF LATEST TRANSACTION

  • control field: 20191003110237.0

008 - FIXED-LENGTH DATA ELEMENTS

  • fixed length control field: 191003|| aca||aabn | a|a d

040 ## - CATALOGING SOURCE

  • Original cataloging agency: NUST
  • Transcribing agency: NUST

150 ## - HEADING--TOPICAL TERM

  • Topical term or geographic name entry element: British
  • Geographic subdivision: Sudan
  • Form subdivision: Biography.

670 ## - SOURCE DATA FOUND

  • Source citation: Work cat.: (NUST)0: Scroggins, Deborah. 22576, Emma's war /, c2002.
© 2023 Central Library, National University of Sciences and Technology. All Rights Reserved.